000 00804cab a2200229 4500
001 ABS52055
008 090401t1994 xxu||||| |||| 00| 0 eng d
035 _a(Sirsi) u57080
041 _aeng
100 _aCargill Thompson, J.
245 _aQualifying heat
260 _c1994
350 _a0
490 _aBuilding
_v260(7874) 6 January 1994, 35(1)
520 _aConsiders whether the accepted model for thermal comfort guidelines is too simplistic, examining other factors which can affect the temperature at which people feel comfortable, according to a BRE report "Trends in thermal comfort research".
650 _aCIBSE
650 _aTHERMAL COMFORT MODELS
650 _aTHERMAL COMFORT
690 _aBUILDING AND CONSTRUCTION-ENERGY CONSERVATION
942 _n0
948 _c04/03/1997
999 _c34795
_d34795